Docelowe miasta lini lotniczych Singapore Airlines na mapie - Statystyki

Ogólne statystyki
  • Ten quiz został rozwiązany 49 razy
  • Średni wynik to 48 z 79
Odpowiedzi na mapie
Odpowiedzi zakodowano w zielono-czerwonej skali na mapie do tego quizu, zgodnie z poniższymi procentami.
 
Statystyki odpowiedzi
Region Lotnisko % Poprawnych
Europa Barcelona
96%
Europa Rzym
96%
Europa Kopenhaga
93%
Europa Londyn-Gatwick
93%
Europa Londyn-Heathrow
93%
Europa Paryż
93%
Południowo-zachodni Pacyfik Sydney
93%
Europa Amsterdam
91%
Stany Zjednoczone Nowy Jork
91%
Azja Północna Port lotniczy Pekin
91%
Azja Zachodnia Stambuł
91%
Azja Zachodnia Dubaj
89%
Azja Północna Narita (Tokio)
89%
Azja Południowo-Zachodnia Nowe Delhi
89%
Azja Północna Tokio-Haneda
89%
Europa Bruksela
87%
Afryka Kapsztad
87%
Europa Manchester
87%
Europa Monachium
87%
Europa Mediolan
85%
Południowo-zachodni Pacyfik Perth
85%
Azja Południowo-Wschodnia Singapur
85%
Europa Frankfurt nad Menem
80%
Azja Północna Seul
80%
Afryka Johannesburg
78%
Stany Zjednoczone Los Angeles
78%
Południowo-zachodni Pacyfik Melbourne
78%
Europa Zurych
78%
Azja Południowo-Wschodnia Manila
76%
Azja Południowo-Zachodnia Mumbaj
76%
Azja Północna Pekin-Daxing
76%
Stany Zjednoczone San Francisco
76%
Południowo-zachodni Pacyfik Auckland
74%
Azja Północna Osaka
74%
Azja Południowo-Wschodnia Bangkok
72%
Azja Południowo-Wschodnia Dżakarta
72%
Azja Południowo-Wschodnia Kuala Lumpur
72%
Azja Północna Szanghaj
72%
Azja Północna Hongkong
70%
Azja Południowo-Wschodnia Hanoi
65%
Południowo-zachodni Pacyfik Brisbane
63%
Azja Południowo-Zachodnia Dhaka
63%
Azja Północna Kanton
61%
Azja Południowo-Zachodnia Male
61%
Południowo-zachodni Pacyfik Adelaide
57%
Stany Zjednoczone Houston
57%
Stany Zjednoczone Seattle
57%
Azja Południowo-Wschodnia Ho Chi Minh
52%
Azja Południowo-Wschodnia Bandar Seri Begawan
50%
Azja Północna Tajpej
50%
Azja Południowo-Zachodnia Kolkata
48%
Azja Południowo-Zachodnia Kolombo
48%
Południowo-zachodni Pacyfik Darwin
43%
Azja Północna Nagoja
43%
Azja Południowo-Wschodnia Phnom Penh
43%
Azja Północna Pusan
43%
Azja Północna Shenzhen
41%
Azja Południowo-Zachodnia Ćennaj
37%
Azja Północna Chengdu
37%
Południowo-zachodni Pacyfik Christchurch
37%
Azja Południowo-Zachodnia Katmandu
37%
Azja Południowo-Zachodnia Bengaluru
35%
Azja Południowo-Wschodnia Denpasar
35%
Stany Zjednoczone Newark
35%
Azja Południowo-Wschodnia Cebu
33%
Azja Południowo-Zachodnia Ahmadabad
28%
Azja Południowo-Wschodnia Surabaja
28%
Azja Północna Chongqing
26%
Azja Południowo-Wschodnia Da Nang
26%
Azja Południowo-Wschodnia Rangun
26%
Azja Południowo-Wschodnia Phuket
24%
Południowo-zachodni Pacyfik Cairns
22%
Azja Północna Fukuoka
22%
Azja Północna Xiamen
22%
Azja Południowo-Zachodnia Hajdarabad
20%
Azja Południowo-Wschodnia Medan
20%
Azja Południowo-Wschodnia Penang
20%
Azja Południowo-Wschodnia Siem Reap
17%
Azja Południowo-Zachodnia Koczin
11%
Nie znaleziono quizów pasujących do podanych kryteriów
Rozkład punktacji
Procent ludzi z każdym wynikiem
Percentyl według liczby udzielonych odpowiedzi
Twoja historia wyników
Nie rozwiązałeś tego quizu